[Event "Blitz 2018"]
[Site "Saint-Petersburg"]
[Date "2018.12.29"]
[Round "3"]
[Board "99"]
[White "Sanikidze Tornike (GEO)"]
[Black "Al Turky Fahad A (KSA)"]
[Result "1-0"]
[BlackElo "1851"]
[WhiteElo "2484"]
[LiveChessVersion "1.4.8"]

1. d4 {[%clk 0:03:02]} Nf6 {[%clk 0:02:56]} 2. c4 {[%clk 0:03:03]} d5
{[%clk 0:02:48]} 3. cxd5 {[%clk 0:03:03]} Nxd5 {[%clk 0:02:48]} 4. e4
{[%clk 0:03:04]} Nb6 {[%clk 0:02:47]} 5. Nc3 {[%clk 0:03:04]} g6 {[%clk 0:02:37]}
6. Be3 {[%clk 0:03:04]} Bg7 {[%clk 0:02:37]} 7. Qd2 {[%clk 0:03:04]} Nc6
{[%clk 0:02:29]} 8. O-O-O {[%clk 0:02:58]} e5 {[%clk 0:02:13]} 9. d5
{[%clk 0:02:59]} Nd4 {[%clk 0:02:08]} 10. f4 {[%clk 0:02:59]} Bg4
{[%clk 0:02:01]} 11. Re1 {[%clk 0:02:57]} c5 {[%clk 0:01:49]} 12. fxe5
{[%clk 0:02:58]} Bxe5 {[%clk 0:01:46]} 13. h3 {[%clk 0:02:59]} Bd7
{[%clk 0:01:42]} 14. Nf3 {[%clk 0:02:59]} Nxf3 {[%clk 0:01:29]} 15. gxf3
{[%clk 0:03:00]} Qc7 {[%clk 0:01:19]} 16. f4 {[%clk 0:02:59]} Bxc3
{[%clk 0:00:57]} 17. Qxc3 {[%clk 0:03:00]} O-O-O {[%clk 0:00:54]} 18. Qxc5
{[%clk 0:02:43]} Qxc5+ {[%clk 0:00:53]} 19. Bxc5 {[%clk 0:02:44]} Na4
{[%clk 0:00:46]} 20. Bd4 {[%clk 0:02:21]} Rhe8 {[%clk 0:00:43]} 21. Bf6
{[%clk 0:02:21]} Nc5 {[%clk 0:00:31]} 22. Bxd8 {[%clk 0:02:14]} Kxd8
{[%clk 0:00:30]} 23. e5 {[%clk 0:02:15]} Bf5 {[%clk 0:00:22]} 24. Rh2
{[%clk 0:02:16]} Kc8 {[%clk 0:00:20]} 25. Kd2 {[%clk 0:02:12]} Kb8
{[%clk 0:00:16]} 26. Rc1 {[%clk 0:02:12]} Ne4+ {[%clk 0:00:16]} 27. Ke3
{[%clk 0:02:13]} b6 {[%clk 0:00:11]} 28. Bd3 {[%clk 0:02:13]} Nc5 29. Bxf5
{[%clk 0:02:07]} gxf5 {[%clk 0:00:07]} 30. Rg2 {[%clk 0:02:08]} Rd8
{[%clk 0:00:06]} 31. d6 {[%clk 0:02:07]} Ne6 {[%clk 0:00:06]} 32. b4
{[%clk 0:02:06]} Kb7 {[%clk 0:00:06]} 33. h4 {[%clk 0:02:07]} a6 {[%clk 0:00:06]}
34. h5 {[%clk 0:02:07]} h6 {[%clk 0:00:05]} 35. Rgc2 {[%clk 0:02:04]} Rd7
{[%clk 0:00:05]} 36. Rc8 {[%clk 0:02:03]} a5 {[%clk 0:00:04]} 37. a3
{[%clk 0:02:04]} axb4 {[%clk 0:00:04]} 38. axb4 {[%clk 0:02:05]} Ka6
{[%clk 0:00:05]} 39. Rb8 {[%clk 0:01:46]} Kb5 {[%clk 0:00:06]} 40. Ra1
{[%clk 0:01:42]} f6 {[%clk 0:00:03]} 41. Rc8 {[%clk 0:01:30]} fxe5
{[%clk 0:00:04]} 42. fxe5 {[%clk 0:01:31]} f4+ {[%clk 0:00:04]} 43. Ke4
{[%clk 0:01:32]} Ng5+ {[%clk 0:00:03]} 44. Kd5 {[%clk 0:01:31]} Kxb4
{[%clk 0:00:03]} 45. e6 {[%clk 0:01:31]} Rg7 {[%clk 0:00:00]} 46. e7
{[%clk 0:01:31]} 1-0

[Event "Blitz 2018"]
[Site "Saint-Petersburg"]
[Date "2018.12.29"]
[Round "3"]
[Board "100"]
[White "Masrahi Abdulrahman A (KSA)"]
[Black "Hirneise Tobias (GER)"]
[Result "0-1"]
[BlackElo "2472"]
[WhiteElo "1966"]
[LiveChessVersion "1.4.8"]

1. d4 {[%clk 0:03:02]} Nf6 {[%clk 0:03:03]} 2. Bf4 {[%clk 0:03:03]} g6
{[%clk 0:03:05]} 3. e3 {[%clk 0:03:05]} Bg7 {[%clk 0:03:06]} 4. Nf3
{[%clk 0:03:06]} d6 {[%clk 0:03:07]} 5. h3 {[%clk 0:03:07]} O-O {[%clk 0:03:08]}
6. Be2 {[%clk 0:03:08]} Nfd7 {[%clk 0:03:10]} 7. O-O {[%clk 0:03:09]} e5
{[%clk 0:03:11]} 8. Bh2 {[%clk 0:03:10]} Nc6 {[%clk 0:03:13]} 9. c4
{[%clk 0:03:10]} f5 {[%clk 0:03:12]} 10. Nc3 {[%clk 0:03:11]} h6 {[%clk 0:03:09]}
11. a3 {[%clk 0:03:11]} g5 {[%clk 0:03:09]} 12. b4 {[%clk 0:03:12]} f4
{[%clk 0:03:06]} 13. b5 {[%clk 0:03:10]} Ne7 {[%clk 0:03:07]} 14. Nd5
{[%clk 0:02:55]} Nxd5 {[%clk 0:03:04]} 15. cxd5 {[%clk 0:02:56]} exd4
{[%clk 0:02:47]} 16. Nxd4 {[%clk 0:02:56]} Ne5 {[%clk 0:02:45]} 17. Rc1
{[%clk 0:02:50]} Bd7 {[%clk 0:02:39]} 18. Qc2 {[%clk 0:02:47]} Rc8
{[%clk 0:02:38]} 19. a4 {[%clk 0:02:34]} Qe7 {[%clk 0:02:30]} 20. Nf5
{[%clk 0:02:21]} Bxf5 {[%clk 0:02:30]} 0-1

[Event "Blitz 2018"]
[Site "Saint-Petersburg"]
[Date "2018.12.29"]
[Round "4"]
[Board "2"]
[White "Nepomniachtchi Ian (RUS)"]
[Black "Kovalenko Igor (LAT)"]
[Result "1/2-1/2"]
[BlackElo "2693"]
[WhiteElo "2846"]
[LiveChessVersion "1.4.8"]

1. e4 {[%clk 0:03:02]} d5 {[%clk 0:03:04]} 2. exd5 {[%clk 0:03:02]} Qxd5
{[%clk 0:03:05]} 3. Nc3 Qa5 4. d4 {[%clk 0:03:04]} Nf6 {[%clk 0:03:08]} 5. Nf3
{[%clk 0:03:02]} Bf5 {[%clk 0:03:09]} 6. Bd2 {[%clk 0:02:59]} e6 {[%clk 0:03:00]}
7. Bc4 {[%clk 0:02:55]} Bb4 {[%clk 0:02:57]} 8. a3 {[%clk 0:02:32]} Bxc3
{[%clk 0:02:57]} 9. Bxc3 {[%clk 0:02:33]} Qb6 {[%clk 0:02:59]} 10. b3
{[%clk 0:02:31]} Nbd7 {[%clk 0:02:53]} 11. O-O {[%clk 0:02:28]} O-O
{[%clk 0:02:45]} 12. h3 {[%clk 0:02:28]} Be4 {[%clk 0:02:15]} 13. Re1
{[%clk 0:02:27]} Qc6 {[%clk 0:02:07]} 14. Ne5 {[%clk 0:01:54]} Nxe5
{[%clk 0:02:07]} 15. dxe5 {[%clk 0:01:55]} Nd5 {[%clk 0:02:08]} 16. Bd2
{[%clk 0:01:39]} Nb6 {[%clk 0:02:01]} 17. Bb5 {[%clk 0:01:23]} Qxc2
{[%clk 0:01:44]} 18. Qxc2 {[%clk 0:01:07]} Bxc2 {[%clk 0:01:45]} 19. Rec1
{[%clk 0:01:08]} Bxb3 {[%clk 0:01:43]} 20. Rxc7 {[%clk 0:01:09]} Bd5
{[%clk 0:01:32]} 21. Be3 {[%clk 0:01:10]} Rfc8 {[%clk 0:01:20]} 22. Rac1
{[%clk 0:01:09]} Bc6 {[%clk 0:01:15]} 23. Rxc8+ Rxc8 {[%clk 0:01:16]} 24. Bxb6
{[%clk 0:00:15]} axb6 25. Rb1 Be4 {[%clk 0:01:09]} 26. Rb4 {[%clk 0:00:16]} Bd5
{[%clk 0:01:04]} 27. f3 {[%clk 0:00:13]} Rc3 {[%clk 0:00:45]} 28. a4
{[%clk 0:00:14]} Re3 {[%clk 0:00:42]} 29. Kf2 {[%clk 0:00:08]} Rxe5
{[%clk 0:00:38]} 30. Bd3 {[%clk 0:00:10]} Bc6 {[%clk 0:00:37]} 31. Rxb6
{[%clk 0:00:11]} Ra5 {[%clk 0:00:31]} 32. Bb5 {[%clk 0:00:12]} Bd5
{[%clk 0:00:25]} 33. Rd6 {[%clk 0:00:13]} Ra8 {[%clk 0:00:26]} 34. Rd7
{[%clk 0:00:14]} Rc8 {[%clk 0:00:20]} 35. h4 {[%clk 0:00:14]} g6 {[%clk 0:00:20]}
36. Kg3 {[%clk 0:00:12]} h6 {[%clk 0:00:21]} 37. Kf2 {[%clk 0:00:13]} Kg7
{[%clk 0:00:22]} 38. Ke3 {[%clk 0:00:13]} Rc2 {[%clk 0:00:20]} 39. g3
{[%clk 0:00:05]} Rc3+ {[%clk 0:00:21]} 40. Bd3 {[%clk 0:00:07]} Ra3
{[%clk 0:00:22]} 41. Rc7 {[%clk 0:00:07]} Rxa4 {[%clk 0:00:22]} 42. f4
{[%clk 0:00:08]} Ra3 {[%clk 0:00:19]} 43. Ke2 {[%clk 0:00:09]} Bc6
{[%clk 0:00:17]} 44. Bc4 {[%clk 0:00:09]} Kf6 {[%clk 0:00:13]} 45. Bd3
{[%clk 0:00:10]} Ra2+ {[%clk 0:00:12]} 46. Kf1 {[%clk 0:00:08]} Rd2
{[%clk 0:00:13]} 47. Be2 {[%clk 0:00:09]} Rb2 {[%clk 0:00:12]} 48. Bd3
{[%clk 0:00:09]} Bd5 {[%clk 0:00:12]} 49. Be2 {[%clk 0:00:09]} b5
{[%clk 0:00:12]} 50. h5 {[%clk 0:00:09]} b4 {[%clk 0:00:09]} 51. hxg6
{[%clk 0:00:10]} Kxg6 {[%clk 0:00:10]} 52. Bd3+ {[%clk 0:00:11]} Kf6
{[%clk 0:00:10]} 53. Bh7 {[%clk 0:00:10]} Kg7 {[%clk 0:00:11]} 54. Bd3
{[%clk 0:00:11]} b3 {[%clk 0:00:13]} 55. Rc8 {[%clk 0:00:05]} Rd2
{[%clk 0:00:13]} 56. Be2 {[%clk 0:00:06]} Rc2 {[%clk 0:00:13]} 57. Rb8
{[%clk 0:00:07]} b2 {[%clk 0:00:10]} 58. Bd3 {[%clk 0:00:09]} Rc3
{[%clk 0:00:09]} 59. Ke2 {[%clk 0:00:10]} Rb3 60. Rxb3 {[%clk 0:00:10]} Bxb3
{[%clk 0:00:06]} 61. Bb1 Bd5 {[%clk 0:00:04]} 62. Kd2 {[%clk 0:00:12]} f5
{[%clk 0:00:06]} 63. Kc3 {[%clk 0:00:14]} Be4 {[%clk 0:00:07]} 64. Bxe4 fxe4 65.
Kxb2 {[%clk 0:00:16]} Kf6 {[%clk 0:00:10]} 66. g4 {[%clk 0:00:15]} e5
{[%clk 0:00:08]} 67. f5 {[%clk 0:00:15]} h5 {[%clk 0:00:06]} 68. gxh5
{[%clk 0:00:17]} Kxf5 {[%clk 0:00:07]} 69. Kc3 {[%clk 0:00:18]} Kg5
{[%clk 0:00:09]} 70. Kd2 {[%clk 0:00:20]} Kxh5 {[%clk 0:00:10]} 71. Ke3 1/2-1/2

[Event "Blitz 2018"]
[Site "Saint-Petersburg"]
[Date "2018.12.29"]
[Round "4"]
[Board "4"]
[White "Karjakin Sergey (RUS)"]
[Black "Postny Evgeny (ISR)"]
[Result "0-1"]
[BlackElo "2657"]
[WhiteElo "2759"]
[LiveChessVersion "1.4.8"]

1. e4 {[%clk 0:03:03]} e5 {[%clk 0:03:03]} 2. Nf3 {[%clk 0:03:04]} Nc6
{[%clk 0:03:04]} 3. Bb5 {[%clk 0:03:02]} a6 {[%clk 0:03:05]} 4. Ba4
{[%clk 0:03:03]} Nf6 {[%clk 0:03:06]} 5. O-O {[%clk 0:03:00]} Be7
{[%clk 0:03:06]} 6. d3 {[%clk 0:02:57]} b5 {[%clk 0:03:06]} 7. Bb3
{[%clk 0:02:58]} d6 {[%clk 0:03:07]} 8. c3 {[%clk 0:02:56]} O-O {[%clk 0:03:04]}
9. Re1 {[%clk 0:02:57]} Na5 {[%clk 0:02:59]} 10. Bc2 {[%clk 0:02:57]} c5
{[%clk 0:03:00]} 11. d4 {[%clk 0:02:58]} Qc7 {[%clk 0:02:59]} 12. h3
{[%clk 0:02:52]} cxd4 {[%clk 0:02:52]} 13. cxd4 {[%clk 0:02:53]} Be6
{[%clk 0:02:43]} 14. Nbd2 {[%clk 0:02:31]} Rac8 {[%clk 0:02:39]} 15. Bd3
{[%clk 0:02:28]} Nc6 {[%clk 0:01:53]} 16. a3 {[%clk 0:02:01]} exd4
{[%clk 0:01:49]} 17. Nf1 {[%clk 0:02:01]} Rfe8 {[%clk 0:01:29]} 18. Ng3
{[%clk 0:02:00]} g6 {[%clk 0:01:28]} 19. Bf4 {[%clk 0:01:50]} Qb6
{[%clk 0:01:23]} 20. Qd2 {[%clk 0:01:34]} Nd7 {[%clk 0:01:19]} 21. Bh6
{[%clk 0:01:02]} Nc5 {[%clk 0:01:17]} 22. Rad1 {[%clk 0:00:36]} Ne5
{[%clk 0:01:06]} 23. Bf1 {[%clk 0:00:37]} Nxf3+ {[%clk 0:01:00]} 24. gxf3
{[%clk 0:00:37]} Nb3 {[%clk 0:00:56]} 25. Qf4 {[%clk 0:00:37]} Rc2
{[%clk 0:00:51]} 26. Nf5 {[%clk 0:00:27]} Bf8 {[%clk 0:00:33]} 27. Bxf8
{[%clk 0:00:25]} Rxf8 {[%clk 0:00:34]} 28. Ne7+ {[%clk 0:00:08]} Kg7
{[%clk 0:00:33]} 29. e5 {[%clk 0:00:09]} f5 {[%clk 0:00:12]} 30. exd6
{[%clk 0:00:09]} Rf6 {[%clk 0:00:09]} 31. Qe5 {[%clk 0:00:05]} Rc5
{[%clk 0:00:07]} 32. Qf4 {[%clk 0:00:04]} Rc2 {[%clk 0:00:07]} 33. Bd3
{[%clk 0:00:04]} Rxb2 {[%clk 0:00:07]} 34. Qe5 {[%clk 0:00:04]} Qc5
{[%clk 0:00:09]} 35. Qf4 {[%clk 0:00:04]} h6 {[%clk 0:00:07]} 36. Kg2
{[%clk 0:00:03]} g5 {[%clk 0:00:08]} 37. Qh2 f4 38. h4 {[%clk 0:00:04]} Nd2
{[%clk 0:00:07]} 39. hxg5 {[%clk 0:00:04]} Qxg5+ {[%clk 0:00:09]} 40. Kh1
{[%clk 0:00:05]} Nxf3 {[%clk 0:00:10]} 41. Rg1 {[%clk 0:00:03]} Nxh2
{[%clk 0:00:09]} 42. Rxg5+ hxg5 {[%clk 0:00:10]} 43. Kxh2 {[%clk 0:00:05]} Rxf2+
{[%clk 0:00:09]} 44. Kg1 {[%clk 0:00:06]} Rb2 {[%clk 0:00:08]} 45. Be4
{[%clk 0:00:06]} Bd7 {[%clk 0:00:09]} 46. Rxd4 {[%clk 0:00:07]} f3
{[%clk 0:00:09]} 47. Bxf3 {[%clk 0:00:06]} Rxf3 {[%clk 0:00:09]} 48. Rd5
{[%clk 0:00:06]} Kf6 {[%clk 0:00:09]} 0-1

[Event "Blitz 2018"]
[Site "Saint-Petersburg"]
[Date "2018.12.29"]
[Round "4"]
[Board "5"]
[White "Maghsoodloo Parham (IRI)"]
[Black "Mamedov Rauf (AZE)"]
[Result "0-1"]
[LiveChessVersion "1.4.8"]
[BlackElo "2741"]
[WhiteElo "2642"]

1. Nf3 {[%clk 0:03:03]} c5 {[%clk 0:03:04]} 2. c4 {[%clk 0:03:04]} g6
{[%clk 0:03:05]} 3. g3 {[%clk 0:03:02]} Bg7 {[%clk 0:03:06]} 4. Bg2 Nc6 5. Nc3
{[%clk 0:03:04]} e6 {[%clk 0:03:08]} 6. a3 {[%clk 0:03:01]} Nge7 {[%clk 0:02:45]}
7. b4 {[%clk 0:03:01]} d6 {[%clk 0:02:32]} 8. O-O {[%clk 0:02:50]} O-O
{[%clk 0:02:30]} 9. Rb1 {[%clk 0:02:44]} b6 {[%clk 0:02:24]} 10. e3
{[%clk 0:02:45]} Bb7 {[%clk 0:02:05]} 11. d4 {[%clk 0:02:45]} cxd4
{[%clk 0:01:39]} 12. exd4 {[%clk 0:02:41]} Nf5 {[%clk 0:01:39]} 13. Ne2
{[%clk 0:02:42]} Rc8 {[%clk 0:01:33]} 14. Bb2 {[%clk 0:02:40]} d5
{[%clk 0:01:32]} 15. c5 {[%clk 0:02:38]} Ba6 {[%clk 0:01:33]} 16. Re1
{[%clk 0:02:35]} bxc5 {[%clk 0:01:29]} 17. dxc5 {[%clk 0:02:34]} d4
{[%clk 0:01:28]} 18. Qa4 {[%clk 0:01:58]} Bxe2 {[%clk 0:00:57]} 19. Rxe2
{[%clk 0:01:58]} d3 {[%clk 0:00:59]} 20. Rd2 {[%clk 0:01:46]} Bxb2
{[%clk 0:00:59]} 21. Rbxb2 {[%clk 0:01:47]} e5 {[%clk 0:00:45]} 22. Ne1
{[%clk 0:01:47]} e4 {[%clk 0:00:33]} 23. Nxd3 {[%clk 0:01:28]} exd3
{[%clk 0:00:34]} 24. Bxc6 {[%clk 0:01:29]} Nd4 {[%clk 0:00:22]} 25. Rxd3
{[%clk 0:01:01]} Rxc6 {[%clk 0:00:23]} 26. Rbd2 {[%clk 0:01:03]} Ne2+
{[%clk 0:00:24]} 27. Kf1 {[%clk 0:01:04]} Qa8 {[%clk 0:00:25]} 28. Kxe2
{[%clk 0:01:01]} Rf6 {[%clk 0:00:21]} 29. Kd1 {[%clk 0:01:02]} Qh1+
{[%clk 0:00:19]} 30. Kc2 {[%clk 0:01:02]} Qxh2 {[%clk 0:00:19]} 31. f4
{[%clk 0:01:04]} Qh1 {[%clk 0:00:19]} 32. Qxa7 {[%clk 0:00:36]} Qa1
{[%clk 0:00:18]} 33. Kb3 {[%clk 0:00:37]} Qb1+ {[%clk 0:00:19]} 34. Ka4
{[%clk 0:00:38]} Qf1 {[%clk 0:00:15]} 35. Ka5 {[%clk 0:00:28]} Kg7
{[%clk 0:00:16]} 36. b5 {[%clk 0:00:24]} Qh1 {[%clk 0:00:14]} 37. c6
{[%clk 0:00:25]} Rf5 {[%clk 0:00:11]} 38. a4 {[%clk 0:00:25]} Qxc6
{[%clk 0:00:11]} 39. g4 {[%clk 0:00:25]} Ra8 {[%clk 0:00:12]} 40. Kb4
{[%clk 0:00:16]} Rxf4+ {[%clk 0:00:13]} 41. Ka3 {[%clk 0:00:04]} Qc1+
{[%clk 0:00:14]} 0-1

[Event "Blitz 2018"]
[Site "Saint-Petersburg"]
[Date "2018.12.29"]
[Round "4"]
[Board "6"]
[White "Jobava Baadur (GEO)"]
[Black "Alekseev Evgeny (RUS)"]
[Result "1/2-1/2"]
[LiveChessVersion "1.4.8"]
[BlackElo "2634"]
[WhiteElo "2705"]

1. d4 {[%clk 0:03:02]} Nf6 {[%clk 0:03:02]} 2. c4 {[%clk 0:03:02]} e6
{[%clk 0:03:02]} 3. Nc3 {[%clk 0:03:02]} Bb4 {[%clk 0:03:02]} 4. e3
{[%clk 0:03:01]} O-O {[%clk 0:02:57]} 5. Bd3 {[%clk 0:03:02]} d5 {[%clk 0:02:56]}
6. cxd5 {[%clk 0:03:03]} exd5 {[%clk 0:02:56]} 7. Nge2 {[%clk 0:03:04]} Re8
{[%clk 0:02:41]} 8. Bd2 {[%clk 0:03:04]} Bf8 {[%clk 0:02:37]} 9. Rc1
{[%clk 0:03:04]} a5 {[%clk 0:02:21]} 10. O-O {[%clk 0:03:02]} Na6
{[%clk 0:02:14]} 11. Bb1 {[%clk 0:02:58]} c6 {[%clk 0:02:06]} 12. f3
{[%clk 0:02:57]} b5 {[%clk 0:01:58]} 13. Kh1 {[%clk 0:02:53]} Bd7
{[%clk 0:01:47]} 14. Nf4 {[%clk 0:02:52]} g6 {[%clk 0:01:42]} 15. Nd3
{[%clk 0:02:52]} Rc8 {[%clk 0:01:29]} 16. Ne5 {[%clk 0:02:48]} Bd6
{[%clk 0:01:30]} 17. f4 {[%clk 0:02:47]} c5 {[%clk 0:01:25]} 18. Be1
{[%clk 0:02:45]} b4 {[%clk 0:01:19]} 19. Ne2 {[%clk 0:02:39]} Bb5
{[%clk 0:01:10]} 20. Bh4 Be7 21. Bxf6 {[%clk 0:02:15]} Bxf6 {[%clk 0:01:12]} 22.
Bd3 {[%clk 0:02:13]} Bxd3 {[%clk 0:00:59]} 23. Qxd3 {[%clk 0:02:13]} c4
{[%clk 0:01:01]} 24. Qc2 {[%clk 0:02:09]} Nb8 {[%clk 0:00:45]} 25. Qa4
{[%clk 0:02:08]} Qb6 {[%clk 0:00:37]} 26. Ng1 {[%clk 0:01:55]} Re7
{[%clk 0:00:36]} 27. Ngf3 {[%clk 0:01:54]} Nc6 {[%clk 0:00:25]} 28. h4
{[%clk 0:01:54]} Nd8 {[%clk 0:00:23]} 29. Nd7 {[%clk 0:01:47]} Qc6
{[%clk 0:00:16]} 30. Nxf6+ {[%clk 0:01:41]} Qxf6 {[%clk 0:00:17]} 31. Qxa5
{[%clk 0:01:42]} Qd6 {[%clk 0:00:14]} 32. Rfe1 {[%clk 0:01:26]} Rcc7
{[%clk 0:00:12]} 33. a3 {[%clk 0:01:14]} bxa3 {[%clk 0:00:11]} 34. Qxa3
{[%clk 0:01:15]} Qxa3 {[%clk 0:00:12]} 35. bxa3 {[%clk 0:01:16]} Nb7
{[%clk 0:00:11]} 36. Nd2 {[%clk 0:01:14]} Nd6 {[%clk 0:00:12]} 37. Nb1
{[%clk 0:01:15]} Ne4 {[%clk 0:00:09]} 38. Nc3 {[%clk 0:01:16]} Nxc3
{[%clk 0:00:10]} 39. Rxc3 {[%clk 0:01:17]} Rb7 {[%clk 0:00:11]} 40. Re2
{[%clk 0:01:13]} Rb1+ {[%clk 0:00:12]} 41. Kh2 {[%clk 0:01:14]} f5
{[%clk 0:00:10]} 42. Kg3 {[%clk 0:01:15]} h5 {[%clk 0:00:08]} 43. Kf2
{[%clk 0:01:14]} Ra7 {[%clk 0:00:09]} 44. Ra2 {[%clk 0:01:15]} Ra4
{[%clk 0:00:08]} 45. Ke2 {[%clk 0:01:08]} 1/2-1/2

[Event "Blitz 2018"]
[Site "Saint-Petersburg"]
[Date "2018.12.29"]
[Round "4"]
[Board "8"]
[White "Aronian Levon (ARM)"]
[Black "Riazantsev Alexander (RUS)"]
[Result "1/2-1/2"]
[LiveChessVersion "1.4.8"]
[BlackElo "2633"]
[WhiteElo "2858"]

1. e4 {[%clk 0:03:03]} e6 {[%clk 0:03:04]} 2. d4 {[%clk 0:03:04]} d5
{[%clk 0:03:05]} 3. Nc3 {[%clk 0:03:05]} Bb4 {[%clk 0:03:06]} 4. e5
{[%clk 0:03:06]} c5 {[%clk 0:03:07]} 5. a3 {[%clk 0:03:07]} Bxc3+
{[%clk 0:03:08]} 6. bxc3 {[%clk 0:03:08]} Ne7 {[%clk 0:03:09]} 7. Qg4
{[%clk 0:03:09]} O-O {[%clk 0:03:10]} 8. Bd3 {[%clk 0:03:08]} f5 {[%clk 0:03:11]}
9. exf6 {[%clk 0:03:05]} Rxf6 {[%clk 0:03:12]} 10. Bg5 {[%clk 0:03:00]} Rf7
{[%clk 0:03:13]} 11. Qh5 {[%clk 0:02:56]} g6 {[%clk 0:03:14]} 12. Qd1
{[%clk 0:02:54]} Qa5 {[%clk 0:03:15]} 13. Bd2 {[%clk 0:02:46]} e5
{[%clk 0:03:15]} 14. h4 {[%clk 0:02:24]} e4 {[%clk 0:03:04]} 15. Be2
{[%clk 0:02:25]} e3 {[%clk 0:02:45]} 16. Bxe3 {[%clk 0:02:15]} Qxc3+
{[%clk 0:02:45]} 17. Bd2 {[%clk 0:02:15]} Qxd4 {[%clk 0:02:43]} 18. Nf3
{[%clk 0:02:17]} Qf6 {[%clk 0:02:14]} 19. Bg5 {[%clk 0:01:32]} Qc3+
{[%clk 0:02:16]} 20. Bd2 {[%clk 0:01:33]} Qf6 {[%clk 0:02:17]} 21. Bg5
{[%clk 0:01:29]} Qc3+ {[%clk 0:02:18]} 22. Bd2 {[%clk 0:01:30]} Qf6
{[%clk 0:02:19]} 1/2-1/2